[Event "GEO-ch (Women) 1st League 78th"]
[Site "Tbilisi"]
[Date "2021.03.21"]
[Round "4"]
[White "Antia, Sopia"]
[Black "Mamardashvili, Ana"]
[Result "1/2-1/2"]
[WhiteElo "1594"]
[BlackElo "1416"]
[PlyCount "112"]
[EventDate "2021.03.18"]
[EventType "swiss"]
[EventRounds "9"]
[EventCountry "GEO"]
[SourceTitle "CBM 201 Extra"]
[Source "ChessBase"]
[SourceDate "2021.05.31"]
[SourceVersion "1"]
[SourceVersionDate "2021.05.31"]
[SourceQuality "1"]

1. e4 e5 2. Nf3 Nc6 3. Bc4 Bc5 4. c3 Nf6 5. d4 exd4 6. cxd4 Bb4+ 7. Nc3 0-0 8. Bg5 h6 9. Bxf6 Qxf6 10. 0-0 Bxc3 11. bxc3 d6 12. Qb1 Rb8 13. a4 Bg4 14. Nd2 Qf4 15. Nb3 Rfe8 16. Re1 Kh8 17. f3 Bh5 18. Qc1 Qf6 19. Qd2 Bg6 20. Bb5 a6 21. Bxc6 bxc6 22. Na5 c5 23. d5 Rb6 24. Rac1 Reb8 25. Qe2 Rb2 26. Rc2 Rb1 27. Rec1 R8b2 28. Qd1 Rxc1 29. Qxc1 Rxc2 30. Qxc2 Qf4 31. Nc4 f5 32. Qd2 Qh4 33. g3 Qe7 34. Qe2 fxe4 35. Nd2 Qe5 36. Qxa6 e3 37. Ne4 Qxd5 38. Qe2 Bxe4 39. fxe4 Qxe4 40. a5 d5 41. a6 d4 42. cxd4 cxd4 43. Qg2 Qb1+ 44. Qf1 Qb8 45. Qf3 c5 46. Qf7 d3 47. a7 Qa8 48. Qc7 d2 49. Qb8+ Kh7 50. Qxa8 d1Q+ 51. Kg2 Qe2+ 52. Kh3 Qh5+ 53. Kg2 Qe2+ 54. Kh3 Qh5+ 55. Kg2 Qe2+ 56. Kh3 Qh5+ 1/2-1/2

[Event "Gaprindashvili Cup (Women)"]
[Site "Tornelo INT"]
[Date "2020.11.09"]
[Round "6"]
[White "Mgeladze, Kesaria"]
[Black "Antia, Sopia"]
[Result "1-0"]
[WhiteElo "1380"]
[BlackElo "1594"]
[PlyCount "41"]
[EventDate "2020.11.08"]
[EventType "swiss (rapid)"]
[EventRounds "9"]
[EventCountry "GEO"]
[SourceTitle "CBM 199 Extra"]
[Source "ChessBase"]
[SourceDate "2021.01.31"]
[SourceVersion "1"]
[SourceVersionDate "2021.01.31"]
[SourceQuality "1"]

1. e4 c5 2. c3 Nf6 3. e5 Nd5 4. g3 Nc6 5. Bg2 e6 6. Nf3 d6 7. exd6 Bxd6 8. 0-0 0-0 9. d4 cxd4 10. Nxd4 Bc5 11. Nxc6 bxc6 12. c4 Nb4 13. a3 Qxd1 14. Rxd1 Nc2 15. Ra2 Nd4 16. b4 Rd8 17. Rad2 Rb8 18. Bb2 Ne2+ 19. Kf1 Nxg3+ 20. hxg3 Rxd2 21. Rxd2 1-0

[Event "Gaprindashvili Cup (Women)"]
[Site "Tornelo INT"]
[Date "2020.11.08"]
[Round "2"]
[White "Antia, Sopia"]
[Black "Khomeriki, Nino"]
[Result "0-1"]
[WhiteElo "1594"]
[BlackElo "2293"]
[PlyCount "50"]
[EventDate "2020.11.08"]
[EventType "swiss (rapid)"]
[EventRounds "9"]
[EventCountry "GEO"]
[SourceTitle "CBM 199 Extra"]
[Source "ChessBase"]
[SourceDate "2021.01.31"]
[SourceVersion "1"]
[SourceVersionDate "2021.01.31"]
[SourceQuality "1"]

1. e4 e5 2. Nf3 Nc6 3. Bc4 Nf6 4. Nc3 Be7 5. 0-0 0-0 6. d3 d6 7. h3 Na5 8. Nd5 Nxd5 9. Bxd5 c6 10. Bb3 Nxb3 11. axb3 f5 12. Be3 a6 13. Qe2 Qe8 14. Bg5 fxe4 15. dxe4 Bxg5 16. Nxg5 Qg6 17. Qe3 Rf4 18. Kh2 Qxg5 19. g3 Qh5 20. gxf4 exf4 21. Qxf4 Bxh3 22. Rh1 Rf8 23. Qe3 Rf3 24. Qe1 Qe5+ 25. Kg1 Qg5+ 0-1

[Event "Gaprindashvili Cup (Women)"]
[Site "Tornelo INT"]
[Date "2020.11.08"]
[Round "1"]
[White "Tqeshelashvili, Sopio"]
[Black "Antia, Sopia"]
[Result "1-0"]
[WhiteElo "2269"]
[BlackElo "1594"]
[PlyCount "59"]
[EventDate "2020.11.08"]
[EventType "swiss (rapid)"]
[EventRounds "9"]
[EventCountry "GEO"]
[SourceTitle "CBM 199 Extra"]
[Source "ChessBase"]
[SourceDate "2021.01.31"]
[SourceVersion "1"]
[SourceVersionDate "2021.01.31"]
[SourceQuality "1"]

1. e4 c5 2. Nf3 e6 3. d4 cxd4 4. Nxd4 a6 5. Bd3 Bc5 6. Nb3 Ba7 7. 0-0 Ne7 8. Qe2 d6 9. Be3 Nbc6 10. Nc3 0-0 11. f4 b5 12. Bxa7 Rxa7 13. Qf2 b4 14. Ne2 a5 15. f5 exf5 16. exf5 Rc7 17. f6 Ng6 18. fxg7 Kxg7 19. Ng3 Nce5 20. Nh5+ Kh8 21. Nf6 Ng4 22. Nxg4 Bxg4 23. Bxg6 hxg6 24. Qd4+ Kg8 25. Qxg4 Rxc2 26. Nd4 Qb6 27. Kh1 Rxb2 28. Nf5 d5 29. Ne7+ Kg7 30. Nxd5 1-0

[Event "GEO-ch U20 Girls"]
[Site "Tbilisi"]
[Date "2020.08.14"]
[Round "9"]
[White "Esadze, Tamari"]
[Black "Antia, Sopia"]
[Result "1-0"]
[WhiteElo "1882"]
[BlackElo "1653"]
[PlyCount "54"]
[EventDate "2020.08.06"]
[EventType "swiss"]
[EventRounds "9"]
[EventCountry "GEO"]
[SourceTitle "CBM 197 Extra"]
[Source "ChessBase"]
[SourceDate "2020.09.30"]
[SourceVersion "1"]
[SourceVersionDate "2020.09.30"]
[SourceQuality "1"]

1. e4 c5 2. Nf3 e6 3. d4 cxd4 4. Nxd4 a6 5. c4 Nf6 6. Nc3 Bb4 7. Bd3 0-0 8. 0-0 d5 9. cxd5 exd5 10. e5 Ng4 11. e6 Qh4 12. h3 Bc5 13. Qxg4 Qxg4 14. hxg4 Bxd4 15. e7 Re8 16. Nxd5 Be5 17. Nb6 Ra7 18. Be3 Be6 19. Nd7 Nxd7 20. Bxa7 Rxe7 21. f4 Bxb2 22. Rab1 Ba3 23. Rxb7 Bxg4 24. Bxa6 Kf8 25. Bb5 g6 26. Bd4 Re4 27. Bxd7 Rxd4 1-0

[Event "GEO-ch U20 Girls"]
[Site "Tbilisi"]
[Date "2020.08.13"]
[Round "8"]
[White "Mgeladze, Kesaria"]
[Black "Antia, Sopia"]
[Result "0-1"]
[WhiteElo "1215"]
[BlackElo "1653"]
[PlyCount "144"]
[EventDate "2020.08.06"]
[EventType "swiss"]
[EventRounds "9"]
[EventCountry "GEO"]
[SourceTitle "CBM 197 Extra"]
[Source "ChessBase"]
[SourceDate "2020.09.30"]
[SourceVersion "1"]
[SourceVersionDate "2020.09.30"]
[SourceQuality "1"]

1. e4 c5 2. c3 e6 3. d4 d5 4. exd5 exd5 5. Nf3 Nc6 6. Be3 Qb6 7. Qb3 c4 8. Qxb6 axb6 9. g3 Bf5 10. Nbd2 b5 11. Ne5 b4 12. Bg2 bxc3 13. bxc3 f6 14. Nxc6 bxc6 15. Nxc4 Ra6 16. Nd2 Ba3 17. Nb3 Bb2 18. Kd2 Bxa1 19. Rxa1 Ne7 20. a4 0-0 21. Bf1 Rb6 22. Nc5 Rb2+ 23. Kd1 Rfb8 24. a5 Rb1+ 25. Rxb1 Rxb1+ 26. Bc1 Nc8 27. Ba6 Na7 28. Bb7 Kf7 29. a6 Ke8 30. Kd2 Kd8 31. Ba3 Ra1 32. Bb4 Bc8 33. Nb3 Ra2+ 34. Ke3 Kc7 35. Na5 Bh3 36. Nb3 Bf1 37. Nc5 Kb6 38. Nd7+ Kc7 39. Nc5 Bh3 40. Nb3 Nc8 41. Na5 Bd7 42. Nb3 Nb6 43. Ba5 Ra3 44. Bxb6+ Kxb6 45. Nc5 Bh3 46. Ke2 Kc7 47. Kd3 Bc8 48. Kd2 Ra2+ 49. Ke3 Bxb7 50. axb7 Rc2 51. Ne6+ Kxb7 52. Nxg7 Rxc3+ 53. Kd2 Rc4 54. Kd3 c5 55. dxc5 Rxc5 56. Ne6 Rc1 57. Nf4 Kc6 58. Nh5 f5 59. h4 Kd6 60. Nf6 h6 61. Ng8 Ke5 62. Nxh6 Rc7 63. g4 Rc4 64. f3 Rf4 65. Nxf5 Rxf3+ 66. Ke2 Rf4 67. Nh6 Kf6 68. Ke3 Ra4 69. Ng8+ Kg7 70. Ne7 Re4+ 71. Kd3 Rxe7 72. Kd4 Re4+ 0-1

[Event "GEO-ch U20 Girls"]
[Site "Tbilisi"]
[Date "2020.08.12"]
[Round "7"]
[White "Antia, Sopia"]
[Black "Kirtadze, Anastasia"]
[Result "1/2-1/2"]
[WhiteElo "1653"]
[BlackElo "1679"]
[PlyCount "67"]
[EventDate "2020.08.06"]
[EventType "swiss"]
[EventRounds "9"]
[EventCountry "GEO"]
[SourceTitle "CBM 197 Extra"]
[Source "ChessBase"]
[SourceDate "2020.09.30"]
[SourceVersion "1"]
[SourceVersionDate "2020.09.30"]
[SourceQuality "1"]

1. d4 Nf6 2. Nf3 g6 3. Nbd2 Bg7 4. e4 d6 5. Bc4 0-0 6. 0-0 Nc6 7. Re1 e5 8. d5 Ne7 9. Bf1 Nd7 10. a3 a5 11. Rb1 h6 12. b4 f5 13. c4 f4 14. Qc2 b6 15. Bb2 g5 16. h3 Ng6 17. Nb3 a4 18. Nc1 h5 19. Nh2 g4 20. hxg4 hxg4 21. Nxg4 Qh4 22. f3 Qxe1 23. Nf2 Qe3 24. Ncd3 Nh4 25. Be2 b5 26. c5 dxc5 27. Bc1 Qd4 28. Bb2 Qc4 29. Qd2 Qa2 30. Ra1 Qb3 31. Bd1 Qc4 32. Rc1 Qa2 33. Ra1 Qc4 34. Rc1 1/2-1/2

[Event "GEO-ch U20 Girls"]
[Site "Tbilisi"]
[Date "2020.08.11"]
[Round "6"]
[White "Lomaia, Diana"]
[Black "Antia, Sopia"]
[Result "1-0"]
[WhiteElo "1999"]
[BlackElo "1653"]
[PlyCount "83"]
[EventDate "2020.08.06"]
[EventType "swiss"]
[EventRounds "9"]
[EventCountry "GEO"]
[SourceTitle "CBM 197 Extra"]
[Source "ChessBase"]
[SourceDate "2020.09.30"]
[SourceVersion "1"]
[SourceVersionDate "2020.09.30"]
[SourceQuality "1"]

1. d4 Nf6 2. c4 e6 3. g3 d5 4. Nf3 Be7 5. Bg2 0-0 6. 0-0 dxc4 7. Qc2 a6 8. a4 Nc6 9. Rd1 b5 10. axb5 Nb4 11. Qd2 Rb8 12. bxa6 Bxa6 13. Nc3 Bb7 14. Ne5 Bxg2 15. Kxg2 Ra8 16. Rxa8 Qxa8+ 17. f3 Qa6 18. e4 Rd8 19. Qe2 Nc6 20. Nxc6 Qxc6 21. d5 exd5 22. exd5 Qc5 23. Be3 Qb4 24. Rd4 Qb8 25. Bc1 Bb4 26. Qxc4 Bxc3 27. bxc3 Qb7 28. Qc6 Qxc6 29. dxc6 Rxd4 30. cxd4 Nd5 31. Ba3 f5 32. Kf2 Kf7 33. Ke2 Ke6 34. Kd3 h5 35. Kc4 Nb6+ 36. Kc5 Nd5 37. Bc1 g6 38. Bg5 Nb6 39. Bd8 Na4+ 40. Kb5 Nc3+ 41. Kc4 Nd5 42. Kc5 1-0

[Event "GEO-ch U20 Girls"]
[Site "Tbilisi"]
[Date "2020.08.07"]
[Round "2"]
[White "Kostava, Elene"]
[Black "Antia, Sopia"]
[Result "1-0"]
[WhiteElo "1797"]
[BlackElo "1653"]
[PlyCount "77"]
[EventDate "2020.08.06"]
[EventType "swiss"]
[EventRounds "9"]
[EventCountry "GEO"]
[SourceTitle "CBM 197 Extra"]
[Source "ChessBase"]
[SourceDate "2020.09.30"]
[SourceVersion "1"]
[SourceVersionDate "2020.09.30"]
[SourceQuality "1"]

1. Nf3 d5 2. e3 Nf6 3. c4 e6 4. Be2 Be7 5. 0-0 0-0 6. b3 c5 7. cxd5 exd5 8. d4 Nbd7 9. Nc3 a6 10. Bb2 b6 11. dxc5 Nxc5 12. Nd4 Bb7 13. Nf5 Ne6 14. Qd3 Re8 15. Nxe7+ Rxe7 16. Rad1 Rd7 17. Nb1 Rc8 18. f4 Bc6 19. Qf5 d4 20. Bxa6 Be4 21. Qh3 Rc2 22. Rd2 d3 23. Rfd1 Nc5 24. Bc4 Bg6 25. f5 Rxb2 26. fxg6 Rc2 27. gxf7+ Kf8 28. Qh4 Rxd2 29. Nxd2 Re7 30. Qh3 h6 31. Rf1 Re5 32. b4 Na4 33. Rc1 Qd7 34. Qf3 Nd5 35. Bb5 Qxf7 36. Rc8+ Ke7 37. Re8+ Qxe8 38. Bxe8 Kxe8 39. Nc4 1-0

[Event "Moscow op (Women) 16th"]
[Site "Moscow"]
[Date "2020.01.31"]
[Round "7"]
[White "Klevets, Ksenia"]
[Black "Antia, Sopia"]
[Result "1-0"]
[WhiteElo "1843"]
[BlackElo "1701"]
[PlyCount "89"]
[EventDate "2020.01.25"]
[EventType "swiss"]
[EventRounds "9"]
[EventCountry "RUS"]
[SourceTitle "CBM 194 Extra"]
[Source "ChessBase"]
[SourceDate "2020.03.31"]
[SourceVersion "1"]
[SourceVersionDate "2020.03.31"]
[SourceQuality "1"]

1. e4 c5 2. Nf3 e6 3. d4 cxd4 4. Nxd4 a6 5. Nc3 Qc7 6. g3 Nf6 7. Bg2 Be7 8. 0-0 d6 9. Be3 Nc6 10. f4 0-0 11. Nb3 Rb8 12. h3 b5 13. a4 b4 14. Ne2 e5 15. f5 Na5 16. Nxa5 Qxa5 17. g4 Bb7 18. Ng3 d5 19. g5 Nxe4 20. Nxe4 dxe4 21. f6 Bc5 22. Qe2 Qb6 23. Bxc5 Qxc5+ 24. Kh2 Rfd8 25. Rad1 Rd4 26. fxg7 Rbd8 27. Kh1 Rxd1 28. Rxd1 Rxd1+ 29. Qxd1 Qd4 30. Qe2 Bd5 31. Kh2 a5 32. b3 Kxg7 33. Bh1 Kg6 34. h4 h6 35. gxh6 Kxh6 36. Bg2 Bb7 37. Qf1 Qd8 38. Qxf7 Qxh4+ 39. Kg1 Qe1+ 40. Kh2 Qh4+ 41. Kg1 Qe1+ 42. Kh2 e3 43. Bxb7 e2 44. Qf6+ Kh5 45. Bf3# 1-0

[Event "Moscow op (Women) 16th"]
[Site "Moscow"]
[Date "2020.01.26"]
[Round "2"]
[White "Antia, Sopia"]
[Black "Bandurina, Sofiya"]
[Result "1-0"]
[WhiteElo "1701"]
[BlackElo "1863"]
[PlyCount "139"]
[EventDate "2020.01.25"]
[EventType "swiss"]
[EventRounds "9"]
[EventCountry "RUS"]
[SourceTitle "CBM 194 Extra"]
[Source "ChessBase"]
[SourceDate "2020.03.31"]
[SourceVersion "1"]
[SourceVersionDate "2020.03.31"]
[SourceQuality "1"]

1. d4 Nf6 2. Nf3 c5 3. d5 d6 4. c4 g6 5. Nc3 Bg7 6. e4 0-0 7. Be2 Nbd7 8. 0-0 a6 9. a4 Re8 10. h3 Nf8 11. Bf4 N6d7 12. Qd2 Qc7 13. Bh6 Ne5 14. Ne1 f5 15. exf5 Nf7 16. Qf4 Bxf5 17. g4 e5 18. Qg3 Bc8 19. Ne4 Qe7 20. g5 Kh8 21. Bxg7+ Kxg7 22. Nf6 Rd8 23. h4 Bf5 24. Bg4 Nd7 25. Nh5+ Kh8 26. Bxf5 gxf5 27. f4 Rg8 28. Qd3 Nh6 29. Kh1 Qf7 30. Ng3 e4 31. Qc3+ Qg7 32. Qxg7+ Rxg7 33. Nh5 Ng4 34. Nxg7 Kxg7 35. Nc2 Nb6 36. b3 a5 37. Rae1 Kg6 38. Ne3 Nxe3 39. Rxe3 Kh5 40. Kg2 Nd7 41. Kg1 Nf8 42. g6 hxg6 43. Rg3 Nh7 44. Kh2 Rg8 45. Kh3 Nf6 46. Rg5+ Kh6 47. Kh2 Ng4+ 48. Kh3 Re8 49. h5 gxh5 50. Rxf5 e3 51. Kh4 e2 52. Rxh5+ Kg6 53. Rg5+ Kf6 54. Re1 Nh2 55. Kg3 Nf1+ 56. Kf2 Re4 57. Rg4 Kf5 58. Rh4 Ne3 59. Rxe2 Nd1+ 60. Ke1 Rd4 61. Rh5+ Kg6 62. Rg5+ Kf7 63. Kf1 Nc3 64. Rf5+ Kg7 65. Re7+ Kg8 66. Rg5+ Kf8 67. Rxb7 Ne4 68. Rf5+ Kg8 69. Rff7 Rd3 70. Rfc7 1-0

[Event "Wch U12 Girls"]
[Site "Batumi"]
[Date "2016.10.21"]
[Round "3"]
[White "Antia, Sopia"]
[Black "Maghlakelidze, Rusudan"]
[Result "0-1"]
[WhiteElo "1251"]
[BlackElo "1380"]
[PlyCount "60"]
[EventDate "2016.10.19"]
[EventType "swiss"]
[EventRounds "11"]
[EventCountry "GEO"]
[SourceTitle "EXT 2018"]
[Source "ChessBase"]
[SourceDate "2017.10.13"]
[SourceVersion "1"]
[SourceVersionDate "2017.10.13"]
[SourceQuality "1"]

1. e4 c5 2. Nf3 Nc6 3. Bb5 d6 4. d4 cxd4 5. Nxd4 Bd7 6. 0-0 e6 7. Nc3 Be7 8. Kh1 Nf6 9. f4 Qc7 10. a4 a6 11. Bc4 Rc8 12. Nxc6 Bxc6 13. Be3 0-0 14. Bd2 Rfd8 15. Qf3 e5 16. g4 Nd7 17. f5 h6 18. Qh3 Rf8 19. Rf3 Qd8 20. Rg1 Bg5 21. Bxg5 Qxg5 22. Qg3 Qe7 23. h4 g5 24. hxg5 Qxg5 25. Rg2 Nf6 26. Qh3 Kh7 27. Rfg3 Rg8 28. Rh2 Rg7 29. Rg1 Rcg8 30. Rhg2 Nxe4 0-1

[Event "Wch U12 Girls"]
[Site "Batumi"]
[Date "2016.10.19"]
[Round "1"]
[White "Antia, Sopia"]
[Black "Bondareva, Daria"]
[Result "0-1"]
[WhiteElo "1251"]
[BlackElo "1707"]
[PlyCount "70"]
[EventDate "2016.10.19"]
[EventType "swiss"]
[EventRounds "11"]
[EventCountry "GEO"]
[SourceTitle "EXT 2018"]
[Source "ChessBase"]
[SourceDate "2017.10.13"]
[SourceVersion "1"]
[SourceVersionDate "2017.10.13"]
[SourceQuality "1"]

1. e4 e5 2. Nf3 Nc6 3. Bc4 Nf6 4. Nc3 Nxe4 5. Bxf7+ Kxf7 6. Nxe4 d5 7. Nc3 Bc5 8. d3 h6 9. Qe2 Re8 10. 0-0 Kg8 11. h3 b6 12. Re1 Ba6 13. Qd1 Bb7 14. a3 a5 15. b3 Qd7 16. Bb2 Qf7 17. Qe2 Ba6 18. Qd2 Bb7 19. Qe2 Rad8 20. Nd2 Nd4 21. Qd1 Rf8 22. Rf1 Nf5 23. Nf3 e4 24. d4 exf3 25. dxc5 fxg2 26. Re1 Nh4 27. Re2 Qg6 28. Re3 Qf5 29. Qe2 Nf3+ 30. Rxf3 Qxf3 31. Qxf3 Rxf3 32. cxb6 cxb6 33. Ne2 d4 34. Nxd4 Rxh3 35. f4 Rxd4 0-1